000 00217nam a2200085Ia 4500
008 180219s9999 xx 000 0 und d
100 _aJain Poornima
245 0 _aCurriculam And Teaching
260 _aKanishka Publication New Delhi
260 _c2012
999 _c42174
_d42174